Представление документа в формате RUSMARC

ПолеНазваниеЗначение
  Тип записи a
  Библиографический уровень m
001 Контрольный номер RU/IS/BASE/389283819
005 Дата корректировки 20201206204826.2
010 Индекс ISBN __
a ISBN 978-5-699-37478-6
d Цена 100-00
101 Язык документа 0_
a Язык текста rus
200 Заглавие и сведения об ответственности 1_
a Заглавие Идиот
e Сведения, относящиеся к заглавию роман : [в 4 ч.]
f Первые сведения об ответственности Федор Достоевский
b Общее обозначение материала Текст
210 Выходные данные __
a Место издания М.
c Издательство Эксмо
d Дата издания 2010
215 Физическое описание __
a Объем 635, [3] с., [1] л. портр.
225 Серия __
a Серия Русская классика
330 Аннотация __
a Аннотация Князь Мышкин, главный герой знаменитого романа, несет проповедь сострадания, прощения, милосердия и братства. Однако надежды его рушатся: становится убийцей "крестный брат" Рогожин, гибнет "красота" Настасья Филипповна… И все-таки без таких людей, как князь, мир не существует.
333 Примечание о целевом назначении __
a Примечание о целевом назначении 16+. Для детей старше 16 лет
606 Тематические рубрики __
a Основная рубрика Художественная литература
606 Тематические рубрики __
a Основная рубрика Русская литература XIX в. (произведения)
610 Ключевые слова __
a Ключевые слова романы; тема человека; тема общества; тема нравственности; тема личности; тема подлости; классическая литература; Мышкин; литературные герои; литературные персонажи; тема прощения; тема сострадания
686 Индексы других классификаций __
a Классификационный индекс 84(2=411.2)52-4
700 Автор _1
a Фамилия Достоевский
b Имя Ф. М.
g Полное личное имя Федор Михайлович
4 Код отношения 070
801 Источник записи _0
a Страна RU
b Организация Муниципальное бюджетное учреждение культуры "Централизованная библиотечная система" г. Сургут (Центральная городская библиотека им. А. С. Пушкина)
g Правила каталогизации КиК/Лукашук
801 Источник записи _1
a Страна RU
b Организация Муниципальное бюджетное учреждение культуры "Централизованная библиотечная система" г. Сургут (Центральная городская библиотека им. А. С. Пушкина)
g Правила каталогизации КиК/Лукашук
852 Данные о местонахождении __
j Шифр хранения 84(2=411.2)52-4
i Авторский знак Д 70
901 Тип документа __
t Тип документа m
903 Характеристики (МАРС) __
a Дата передачи 20120502
990 Данные о заказе (DOS) __
j Количество экземпляров (DOS) 1
t N записи в КСУ для И/У (DOS) 201205